Komercializacija innovacij v krajinach ES

Na minha lista:
Detalhes bibliográficos
Autor principal: Braga, Denys
Formato: Capítulo de Livro
Idioma:ucraniano
Assuntos:
Tags: Adicionar Tag
Sem tags, seja o primeiro a adicionar uma tag!

MARC

LEADER 00000naa a2200000 4500
001 0223552
005 20240502083556.0
041 0 |a ukr 
044 |a UA 
245 1 0 |a Komercializacija innovacij v krajinach ES  |c D. O. Braga 
610 2 0 |a inovácia 
610 2 0 |a obchod 
610 2 0 |a projekty 
610 2 0 |a regulácia 
610 2 0 |a Európska únia 
100 1 |a Braga, Denys